00994cam a22002894a 45000010005000000030006000050050017000110080041000280100017000690200027000860200018001130200027001310400023001580500016001810820010001971000023002072450066002302600039002963000047003355040059003825050007004415200140004485210028005885210018006166500053006346500017006877023FISKH20250619085029.0020702s2003 maua b b 001 0 eng  a 2002010488 a1570914346 (hardcover) a9781570914355 a1570914354 (softcover) aDLCcDLCdDLCbeng aVK1023 .V35 a387.11 aVan Rynbach, Iris.10aSafely to shore :bAmerica's lighthouses /cIris Van Rynbach. aWatertown :bCharlesbridge,c2003. a32 pages : bcolor illustrations ; c28 cm aIncludes bibliographical references (p. 32) and index. aR  aDescribes the purpose and history of lighthouses, how they work, who keeps them, and relates stories about famous American lighthouses.8 a700 bLexile estimate 8 aR bRaz-Plus  0aLighthouseszUnited StatesvJuvenile literature. 1aLighthouses.